| 000 | 00605nam a2200205 i 4500 | ||
|---|---|---|---|
| 001 | 30108 | ||
| 003 | ES-MaACL | ||
| 005 | 20250815112205.0 | ||
| 007 | t| | ||
| 008 | 030123s1981 sp ||||1| spa d | ||
| 100 | 1 |
_aBarrow, Gordon M. _926077 |
|
| 245 | 1 | 0 |
_aQuímica física / _cGordon M. Barrow ; [versión por Salvador Senent]. |
| 250 | _a3ª ed. | ||
| 260 |
_aBarcelona : _bReverté, _c[1981] |
||
| 300 |
_a1 t. en 2 v. ; _c22 cm. |
||
| 650 | 7 |
_aQuímica física _2embne _9136798 |
|
| 700 | 0 |
_aSenent Pérez, Salvador. _9105459 |
|
| 852 |
_aES-MaACL _jL-6308 _bR.107154 |
||
| 999 |
_c30108 _d30108 |
||